Jumbled Sets II Quiz Stats

Quiz Updated Mar 8, 2012

Also try: Jumbled Trios
Challenge
Share
Tweet
Embed
Score 0/30 Timer 09:00
1 Play Today
% Correct
R - Leo
94.9%
A - Gemini
87.4%
E - Pisces
80.1%
I - Cancer
78.3%
E - Ruby
72.8%
A - Topaz
68.6%
T - Opal
68.3%
Aries
67.1%
S - Libra
66.4%
J - Anne
64.3%
P - Oslo
61.5%
G - Sapphire
54.6%
I - Bern
51.2%
Agate
51.1%
A - Garnet
48.5%
% Correct
Paris
47.8%
James
47.1%
M - Henry
46.3%
E - Charles
45.4%
A - Stephen
44.5%
S - Edward
37%
A - Lisbon
35.9%
U - Picasso
34.5%
H - Manet
34.2%
N - Goya
33.6%
R - Athens
32.3%
M - Titian
20.4%
Munch
20.4%
S - Tirana
14.4%
C - Leonardo
12.5%

You're not logged in!

Compare scores with friends on all Sporcle quizzes.
Sign Up with Email
OR
Log In

You Might Also Like...

Show Comments

Extras

Top Quizzes Today


Score Distribution

Your Account Isn't Verified!

In order to create a playlist on Sporcle, you need to verify the email address you used during registration. Go to your Sporcle Settings to finish the process.